| 000 | 01017nam a22002057a 4500 | ||
|---|---|---|---|
| 005 | 20230529072548.0 | ||
| 008 | 230529b ||||| |||| 00| 0 eng d | ||
| 020 | _a9789585773035 | ||
| 040 |
_aCO-BoUCM _cDavid Moreno _dDavid Moreno |
||
| 100 |
_aRubio Rodríguez, J. David _9177701 |
||
| 245 | 1 | 4 |
_aLas Constituciones de Cundinamarca, 1811-1870: _b"Cundinamarca bastión de la Independencia Nacional"/ _cJ. David Rubio Rodríguez y Ernesto Campos García |
| 260 |
_a[Bogotá] _bIdecut, impresión _c2019 |
||
| 300 | _a536 Paginas | ||
| 500 | _a"200 años, 1819-2019, campaña libertadora"--"Del triunfo de las ideas a la Independencia absoluta"--"Publicación conmemorativa - Bicentenario de la Independencia 1819-2019" | ||
| 650 |
_2Constitución _ySiglo XIX _zCundinamarca _9177702 |
||
| 651 |
_aCundinamarca _xHistoria constitucional _ySiglo XIX _9177703 |
||
| 700 |
_aCampos García, Ernesto _9177704 |
||
| 942 |
_2DEWEY _a6 _cLIBRO _e1 _h342.86146023 _kC _mR896c _n0 |
||
| 999 |
_c322678 _d322678 |
||